[Event "Hampstead op U2200 07"]
[Site "Hampstead"]
[Date "2013.07.21"]
[Round "5"]
[White "Ali, Zarrar"]
[Black "Winter, Malcolm J"]
[Result "1-0"]
[WhiteElo "1600"]
[BlackElo "1553"]
[PlyCount "65"]
[EventDate "2013.07.20"]
[EventType "swiss"]
[EventRounds "5"]
[EventCountry "ENG"]
[SourceTitle "EXT 2023"]
[Source "ChessBase"]
[SourceDate "2022.10.05"]
[SourceVersion "1"]
[SourceVersionDate "2022.10.05"]
[SourceQuality "1"]

1. d4 Nf6 2. c4 e6 3. Nc3 d5 4. Bg5 Be7 5. e3 0-0 6. Nf3 Nbd7 7. Bd3 dxc4 8. Bxc4 c5 9. 0-0 b6 10. d5 exd5 11. Nxd5 Bb7 12. Nxe7+ Qxe7 13. Bf4 Rfd8 14. Bd6 Qe4 15. Bxf7+ Kh8 16. Bc7 Rf8 17. Bb3 g5 18. Bc2 Qc6 19. Bd6 Rfd8 20. Be7 Re8 21. Qd6 g4 22. Nh4 Qxd6 23. Bxd6 Ne4 24. Bf4 Rad8 25. Rad1 h5 26. Bc7 Bc6 27. Bxd8 Rxd8 28. Ng6+ Kg7 29. Ne5 Bb5 30. Bxe4 Kf6 31. Nxd7+ Ke6 32. Nxc5+ Ke7 33. Rxd8 1-0